Представление документа в формате MARC21

Поле Инд. ПП Название Значение
Тип записи a
Библиографический уровень m
001 Контрольный номер 59d7d3a194494e77a4f501b219e26aa8
005 Дата корректировки 20260608105433.4
040 a Служба первич. каталог. 10013504
b Код языка каталог. rus
e Правила каталог. PSBO
041 0_ a Код языка текста rus
084 a Индекс другой классификации/Индекс ББК доп.
090 a Полочн. индекс А181
x Авторский знак Л 476
r Идентификатор организации 10013504
100 1_ a Автор Леонов В.И.
245 10 a Заглавие Расчет цилиндрической оболочки при действии сосредоточенных и локальных нагрузок
b Продолж. заглавия автореферат диссертации ... кандидата технических наук : специальность 05.07.03 - Строительная механика и прочность летательных аппаратов
c Ответственность науч. рук. Х.С. Хазанов; Куйбышевский авиационный институт им.С.П.Королева
260 a Место издания Куйбышев
c Дата издания 1973
300 a Объем 18 с.
b Иллюстрации/ тип воспроизводства ил., табл.
653 0_ a Ключевые слова АВТОРЕФЕРАТЫ
700 12 a Другие авторы Хазанов Х.С.
e Роль лиц Научный руководитель
901 t Тип документа r
952 d Специальность 05.07.03 Строительная механика и прочность летательных аппаратов
a Тип литературы для КСУ ВШ БАНР
c Вид литературы автореферат